000 00966 a2200337 4500
502 _aThèse de Doctorat
260 _aWageningen
653 1 _aAgronomie
100 _aANDERSSEN, Jens A.
041 _bEn
260 _bUniversité de Wageningen
300 _a175 p.
245 _aGoing places, staying home : rural-urban connections and the significance of land in Buhera district, Zimbabwe
650 _aMIGRATION
650 _aMIGRANT
650 _aETHNOLOGIE
650 _aPOLITIQUE
650 _aANTHROPOLOGIE SOCIALE ET CULTURELLE
650 _aRELATION VILLE CAMPAGNE
650 _aPOLITIQUE FONCIERE
260 _c04 january 2002
300 _bIll., Couv. ill. ; 24 cm
130 _lEn
710 _aWageningen University
040 _aSupport
041 _bEn
100 _uAbomey-Calavi, Université d'Abomey-Calavi, Faculté des Sciences Agronomiques, Bj
651 _aZIMBABWE
020 _a90-5808-553-8
999 _c32167
_d32167